| 000 | 00483nab a2200145Ia 4500 | ||
|---|---|---|---|
| 003 | ES-SlBCS | ||
| 005 | 20210601133744.0 | ||
| 008 | 140529s1994 xxu||||| |||| 00| 0 por d | ||
| 041 | _apor | ||
| 100 | 1 |
_aOaigen, Edson Roberto _9209282 |
|
| 245 | 0 | 2 |
_aA educaçao e a autonomia do professor: caminhos para a emancipaçao _c Edson Roberto Oaigen |
| 650 | 0 | 4 |
_aProfesor-Autonomía _9209283 |
| 773 | 0 |
_tEducaçao e Filosofia _gvol. 8, nº. 16, 1994, págs. 159-172 _wRev1534 |
|
| 942 | _cAR | ||
| 999 |
_c601597 _d601597 |
||